[Event "KIrov Shakhova Memorial 12th"]
[Site "Kirov"]
[Date "2019.10.19"]
[Round "9"]
[White "Tsarukian, Elis"]
[Black "Bessonov, Arsenij"]
[Result "1-0"]
[WhiteElo "2150"]
[BlackElo "1721"]
[PlyCount "85"]
[EventDate "2019.10.05"]
[EventType "tourn"]
[EventRounds "11"]
[EventCountry "RUS"]
[SourceTitle "CBM 193 Extra"]
[Source "ChessBase"]
[SourceDate "2020.01.31"]
[SourceVersion "1"]
[SourceVersionDate "2020.01.31"]
[SourceQuality "1"]

1. d4 Nf6 2. c4 e6 3. Nf3 b6 4. g3 Bb7 5. Bg2 Be7 6. 0-0 0-0 7. Nc3 d5 8. Ne5 Nbd7 9. Bg5 c6 10. Nxd7 Qxd7 11. Qa4 Rfd8 12. Rfd1 Ne8 13. Bxe7 Qxe7 14. e4 Nc7 15. Rac1 a5 16. a3 dxc4 17. Qxc4 Rd7 18. Qb3 b5 19. Na4 Rdd8 20. Nc5 Bc8 21. Qe3 h6 22. Nd3 Bb7 23. h4 Na6 24. e5 Rac8 25. Nc5 Nb8 26. Ne4 Qd7 27. Nd6 Rc7 28. Qc3 a4 29. Nxb5 Rcc8 30. Nd6 Rc7 31. Qa5 Rf8 32. Qxa4 f6 33. f4 g5 34. Qc2 Qg7 35. exf6 Qxf6 36. hxg5 hxg5 37. Ne4 Qh6 38. Nxg5 Kg7 39. Qe2 Re7 40. Qg4 Rh8 41. Kf2 Ba6 42. Rh1 Qf6 43. Ne4+ 1-0

[Event "KIrov Shakhova Memorial 12th"]
[Site "Kirov"]
[Date "2019.10.12"]
[Round "6"]
[White "Shuljya, Alexander"]
[Black "Tsarukian, Elis"]
[Result "0-1"]
[WhiteElo "1680"]
[BlackElo "2150"]
[PlyCount "88"]
[EventDate "2019.10.05"]
[EventType "tourn"]
[EventRounds "11"]
[EventCountry "RUS"]
[SourceTitle "CBM 193 Extra"]
[Source "ChessBase"]
[SourceDate "2020.01.31"]
[SourceVersion "1"]
[SourceVersionDate "2020.01.31"]
[SourceQuality "1"]

1. d4 d5 2. Nf3 Nf6 3. e3 e6 4. Bd3 c5 5. c3 Nc6 6. Nbd2 Bd6 7. 0-0 0-0 8. e4 cxd4 9. cxd4 dxe4 10. Nxe4 Be7 11. Bb1 Nxe4 12. Bxe4 Bf6 13. Be3 Ne7 14. Qc2 h6 15. Rad1 Nd5 16. Bc1 b6 17. Ne5 Bb7 18. Rfe1 Qd6 19. f4 Rfd8 20. f5 Nb4 21. Qb3 Bxe4 22. Rxe4 Bxe5 23. Rxe5 Nc6 24. Re3 Nxd4 25. Qd3 Nxf5 26. Qxd6 Rxd6 27. Red3 Rad8 28. Rxd6 Rxd6 29. Re1 b5 30. Kf2 Rc6 31. Bf4 f6 32. g4 Nd4 33. Rd1 e5 34. Be3 Rc2+ 35. Rd2 Rxd2+ 36. Bxd2 Kf7 37. Ke3 Nc6 38. Ke4 Ke6 39. h4 a6 40. h5 Nd4 41. Bb4 f5+ 42. gxf5+ Nxf5 43. Kf3 Nd6 44. b3 Ne8 0-1

[Event "KIrov Shakhova Memorial 12th"]
[Site "Kirov"]
[Date "2019.10.12"]
[Round "5"]
[White "Tsarukian, Elis"]
[Black "Kuznetsov, Dmitri1111"]
[Result "1-0"]
[WhiteElo "2150"]
[BlackElo "1530"]
[PlyCount "55"]
[EventDate "2019.10.05"]
[EventType "tourn"]
[EventRounds "11"]
[EventCountry "RUS"]
[SourceTitle "CBM 193 Extra"]
[Source "ChessBase"]
[SourceDate "2020.01.31"]
[SourceVersion "1"]
[SourceVersionDate "2020.01.31"]
[SourceQuality "1"]

1. e4 c5 2. Nf3 d6 3. Bb5+ Bd7 4. Bxd7+ Nxd7 5. d4 cxd4 6. Qxd4 Ngf6 7. 0-0 Qc7 8. Nc3 a6 9. a4 e6 10. h3 Be7 11. Be3 Rc8 12. a5 0-0 13. Qd1 d5 14. exd5 Nxd5 15. Nxd5 exd5 16. Qxd5 Nf6 17. Qb3 Qxc2 18. Qxb7 Rc7 19. Qxa6 Qxb2 20. Rfb1 Qc3 21. Bd4 Qc2 22. Qb5 Rfc8 23. a6 Bc5 24. Rc1 Qf5 25. Bxc5 Rxc5 26. Rxc5 Rxc5 27. Qb8+ Rc8 28. a7 1-0

[Event "Kirov-ch"]
[Site "Kirov"]
[Date "2019.04.10"]
[Round "7"]
[White "Tsarukian, Elis"]
[Black "Popyvanov, Vyacheslav"]
[Result "1-0"]
[WhiteElo "2169"]
[BlackElo "1594"]
[PlyCount "101"]
[EventDate "2019.04.01"]
[EventType "swiss"]
[EventRounds "9"]
[EventCountry "RUS"]
[SourceTitle "CBM 190 Extra"]
[Source "ChessBase"]
[SourceDate "2019.07.15"]
[SourceVersion "1"]
[SourceVersionDate "2019.07.15"]
[SourceQuality "1"]

1. e4 c6 2. d4 d5 3. Nc3 dxe4 4. Nxe4 Bf5 5. Ng3 Bg6 6. Nf3 Nd7 7. h4 h6 8. h5 Bh7 9. Bd3 Bxd3 10. Qxd3 Ngf6 11. Bd2 e6 12. 0-0-0 Qc7 13. Kb1 0-0-0 14. c4 c5 15. Bc3 Bd6 16. Ne4 Nxe4 17. Qxe4 Nf6 18. Qe2 Rhe8 19. dxc5 Bxc5 20. Ne5 Rxd1+ 21. Rxd1 Rd8 22. Rxd8+ Kxd8 23. f4 Bd6 24. Qd3 Ke8 25. g4 Bxe5 26. Bxe5 Qc6 27. Bxf6 gxf6 28. Qe2 Ke7 29. a3 a5 30. Ka2 a4 31. Qd3 Qd6 32. Qe3 Qa6 33. Qe4 Qc6 34. Qxc6 bxc6 35. b4 axb3+ 36. Kxb3 e5 37. Kc3 exf4 38. Kd4 Kd6 39. c5+ Ke6 40. Ke4 f3 41. Kxf3 Kd5 42. Kf4 Kxc5 43. Kf5 Kb5 44. Kxf6 c5 45. Ke5 Kc4 46. g5 Kb3 47. gxh6 c4 48. h7 c3 49. h8Q c2 50. Qc8 Kb2 51. a4 1-0

[Event "Kirov-ch"]
[Site "Kirov"]
[Date "2019.04.04"]
[Round "4"]
[White "Tsarukian, Elis"]
[Black "Malyshev, Evgeny2222"]
[Result "1/2-1/2"]
[WhiteElo "2169"]
[BlackElo "2054"]
[PlyCount "46"]
[EventDate "2019.04.01"]
[EventType "swiss"]
[EventRounds "9"]
[EventCountry "RUS"]
[SourceTitle "CBM 190 Extra"]
[Source "ChessBase"]
[SourceDate "2019.07.15"]
[SourceVersion "1"]
[SourceVersionDate "2019.07.15"]
[SourceQuality "1"]

1. e4 c6 2. d4 d5 3. Nc3 dxe4 4. Nxe4 Nf6 5. Nxf6+ gxf6 6. c3 Bf5 7. Bc4 e6 8. Ne2 Bd6 9. Ng3 Bg6 10. Qf3 Nd7 11. a4 h5 12. Ne4 Bxe4 13. Qxe4 Qc7 14. a5 a6 15. h3 0-0-0 16. 0-0 f5 17. Qf3 Rdg8 18. Rd1 Nf6 19. Bf1 Ng4 20. Bd3 Nf6 21. Bf1 Ng4 22. Bd3 Nf6 23. Bf1 Ng4 1/2-1/2

[Event "Kirov-ch FL"]
[Site "Kirov"]
[Date "2018.04.14"]
[Round "9"]
[White "Dvinskikh, Leonid"]
[Black "Tsarukian, Elis"]
[Result "0-1"]
[WhiteElo "1996"]
[BlackElo "2165"]
[PlyCount "88"]
[EventDate "2018.04.01"]
[EventType "tourn"]
[EventRounds "11"]
[EventCountry "RUS"]
[SourceTitle "EXT 2019"]
[Source "ChessBase"]
[SourceDate "2018.10.10"]
[SourceVersion "1"]
[SourceVersionDate "2018.10.10"]
[SourceQuality "1"]

1. d4 Nf6 2. c4 g6 3. Nc3 Bg7 4. e4 d6 5. Be2 0-0 6. Nf3 e5 7. d5 a5 8. Bg5 Na6 9. Nd2 Nc5 10. 0-0 h6 11. Be3 b6 12. a3 Ne8 13. b4 Nd7 14. Qc2 f5 15. f3 Ndf6 16. c5 bxc5 17. bxc5 Nh5 18. Rfc1 Nf4 19. Bf1 Qg5 20. Kh1 Qe7 21. g3 Nh5 22. Bf2 fxe4 23. Ncxe4 Bd7 24. Rab1 Nhf6 25. Nxf6+ Qxf6 26. Be3 Bf5 27. Bd3 Rf7 28. c6 Re7 29. Rb7 Bxd3 30. Qxd3 Qf7 31. Rcb1 Nf6 32. Rb8+ Rxb8 33. Rxb8+ Kh7 34. Rb5 e4 35. fxe4 Nxe4 36. Qf1 Nf6 37. Nc4 Qe8 38. Bg1 Re1 39. Qf3 Rc1 40. Ne3 h5 41. h3 Qe5 42. Kg2 Ne4 43. Rb7 Ng5 44. Qf4 Rxg1+ 0-1

[Event "Kirov-ch FL"]
[Site "Kirov"]
[Date "2018.04.01"]
[Round "1"]
[White "Shustov, Dmitrij"]
[Black "Tsarukian, Elis"]
[Result "0-1"]
[WhiteElo "1929"]
[BlackElo "2165"]
[PlyCount "100"]
[EventDate "2018.04.01"]
[EventType "tourn"]
[EventRounds "11"]
[EventCountry "RUS"]
[SourceTitle "EXT 2019"]
[Source "ChessBase"]
[SourceDate "2018.10.10"]
[SourceVersion "1"]
[SourceVersionDate "2018.10.10"]
[SourceQuality "1"]

1. d4 Nf6 2. g3 d5 3. c4 dxc4 4. Qa4+ Bd7 5. Qxc4 Bc6 6. Nf3 Nbd7 7. Bg2 e6 8. 0-0 Nb6 9. Qb3 Be7 10. Nc3 0-0 11. Re1 Rb8 12. e4 h6 13. Qd1 Be8 14. Bf4 Rc8 15. Ne5 c6 16. h4 Nfd7 17. Nxd7 Qxd7 18. Bh3 Rd8 19. Qg4 Kh8 20. Rad1 f5 21. Qe2 Bf6 22. exf5 exf5 23. Be5 Bg6 24. Bxf6 Rxf6 25. h5 Re8 26. Qf3 Bf7 27. Qf4 Bxh5 28. Rxe8+ Qxe8 29. Qe5 Rf8 30. Re1 Nc4 31. Qxe8 Rxe8 32. Rxe8+ Bxe8 33. Bxf5 Nxb2 34. Ne4 Bf7 35. Nd6 Bxa2 36. Nxb7 Bd5 37. Na5 Nc4 38. Nxc4 Bxc4 39. Bc2 Kg8 40. Kg2 Kf7 41. Kf3 a5 42. Ba4 Bb5 43. Bb3+ Ke7 44. Ke4 Kd6 45. Ke3 a4 46. Ba2 c5 47. dxc5+ Kxc5 48. Ke4 Bc4 49. Bb1 a3 50. Kf5 Bd3+ 0-1

[Event "Kirov Smetanin Memorial 1st"]
[Site "Kirov"]
[Date "2017.11.26"]
[Round "7"]
[White "Dvinskikh, Leonid"]
[Black "Tsarukian, Elis"]
[Result "0-1"]
[WhiteElo "1957"]
[BlackElo "2191"]
[PlyCount "102"]
[EventDate "2017.11.11"]
[EventType "tourn"]
[EventRounds "7"]
[EventCountry "RUS"]
[SourceTitle "EXT 2019"]
[Source "ChessBase"]
[SourceDate "2018.10.10"]
[SourceVersion "1"]
[SourceVersionDate "2018.10.10"]
[SourceQuality "1"]

1. d4 Nf6 2. c4 g6 3. f3 Bg7 4. e4 d6 5. Nc3 0-0 6. Be3 c6 7. Bd3 e5 8. Nge2 Nh5 9. d5 f5 10. exf5 gxf5 11. Qd2 cxd5 12. cxd5 Na6 13. 0-0-0 Bd7 14. Kb1 Nc7 15. Bh6 b5 16. Bxg7 Nxg7 17. Rc1 Kh8 18. Bc2 a5 19. h4 b4 20. Na4 Nb5 21. g4 Rb8 22. h5 fxg4 23. fxg4 Bxg4 24. Rcg1 Bf5 25. Ng3 Bxc2+ 26. Qxc2 Nd4 27. Qg2 Qd7 28. Ne4 Ngf5 29. b3 Ne3 30. Qg5 Nxd5 31. Qh6 Nf5 32. Qd2 Nf4 33. h6 Nd4 34. Rg7 Qf5 35. Qe3 d5 36. Nac5 Nde6 37. Kb2 dxe4 38. Nxe6 Nxe6 39. Qa7 Qf2+ 40. Kb1 Qxa7 41. Rxa7 Ra8 42. Re7 Rfe8 43. Rb7 Nc5 44. Rc7 Rec8 45. Re7 Nd3 46. Rd7 Ra6 47. a4 Rac6 48. Ra7 Rc3 49. Rxa5 Rxb3+ 50. Ka2 Ra3+ 51. Kb1 b3 0-1

[Event "Kirov Chudinovskikh Memoriail-A 4th"]
[Site "Kirov"]
[Date "2017.08.05"]
[Round "4"]
[White "Krysov, Daniil"]
[Black "Tsarukian, Elis"]
[Result "1/2-1/2"]
[WhiteElo "1907"]
[BlackElo "2185"]
[PlyCount "119"]
[EventDate "2017.07.28"]
[EventType "swiss"]
[EventRounds "9"]
[EventCountry "RUS"]
[SourceTitle "EXT 2018"]
[Source "ChessBase"]
[SourceDate "2017.10.13"]
[SourceVersion "1"]
[SourceVersionDate "2017.10.13"]
[SourceQuality "1"]

1. e4 c5 2. Nc3 Nc6 3. g3 g6 4. Bg2 Bg7 5. f4 d6 6. h3 e6 7. Nf3 Nge7 8. Ne2 b5 9. c3 b4 10. d4 bxc3 11. bxc3 Qa5 12. Kf2 Ba6 13. Be3 Rd8 14. Qd2 d5 15. e5 Nf5 16. g4 Nxe3 17. Qxe3 cxd4 18. Nexd4 Nxd4 19. Nxd4 Rc8 20. Rhc1 h5 21. f5 gxf5 22. gxf5 Bh6 23. Qg3 Kd7 24. Rc2 Rcg8 25. Qf3 Rh7 26. Rd1 Rhg7 27. Ke1 Qc7 28. fxe6+ fxe6 29. Qf6 Rg6 30. Nxe6 Qb6 31. Rxd5+ Kc8 32. Rc5+ Kb8 33. Qf3 Rxg2 34. Rxg2 Qb1+ 35. Qd1 Qe4+ 36. Qe2 Bd2+ 37. Kd1 Bxe2+ 38. Rxe2 Be3 39. Rb2+ Qb7 40. Rxb7+ Kxb7 41. Rc7+ Kb6 42. Rg7 Rc8 43. Kc2 Rc6 44. Re7 Bf2 45. Kd3 Rc8 46. Nd4 Be1 47. c4 Rg8 48. Rf7 Bb4 49. Rf6+ Kb7 50. Ke4 Rc8 51. Nb5 Rxc4+ 52. Kd3 Rh4 53. Rf7+ Kc6 54. Nxa7+ Kd5 55. Rf3 Bc5 56. Nb5 Kxe5 57. Nc3 Rd4+ 58. Ke2 Rc4 59. Kd3 Rd4+ 60. Ke2 1/2-1/2

[Event "Kirov Chudinovskikh Memoriail-A 4th"]
[Site "Kirov"]
[Date "2017.08.03"]
[Round "3"]
[White "Tsarukian, Elis"]
[Black "Chigarev, Vyacheslav"]
[Result "1-0"]
[WhiteElo "2185"]
[BlackElo "1689"]
[PlyCount "107"]
[EventDate "2017.07.28"]
[EventType "swiss"]
[EventRounds "9"]
[EventCountry "RUS"]
[SourceTitle "EXT 2018"]
[Source "ChessBase"]
[SourceDate "2017.10.13"]
[SourceVersion "1"]
[SourceVersionDate "2017.10.13"]
[SourceQuality "1"]

1. d4 Nf6 2. c4 g6 3. Nf3 Bg7 4. Nc3 d5 5. cxd5 Nxd5 6. e3 0-0 7. Bc4 Nxc3 8. bxc3 c5 9. 0-0 Qc7 10. Qe2 Bg4 11. Ba3 Bxf3 12. gxf3 Nd7 13. f4 Rac8 14. Rfc1 e6 15. Bb5 b6 16. Rab1 Rfd8 17. Qc4 Bf8 18. Qa4 Nf6 19. Ba6 Rb8 20. Qc4 Ne4 21. Qe2 Qc6 22. Bb5 Qc7 23. Bb2 Nd6 24. a4 Ra8 25. dxc5 Qxc5 26. Ra1 Qc7 27. Bd3 Bg7 28. c4 Bxb2 29. Qxb2 Qc5 30. Bf1 Rac8 31. a5 Ne4 32. axb6 axb6 33. Rc2 Nd6 34. Ra2 Ra8 35. Qf6 Rdc8 36. Rxa8 Rxa8 37. Bd3 Ra3 38. Be2 Qc7 39. Rd2 Ra8 40. Qd4 Nf5 41. Qb2 Rd8 42. Rc2 Qc6 43. Qf6 Rd7 44. Ra2 Qe4 45. Ra1 Qb7 46. Bf1 Qb8 47. Rb1 Rc7 48. h4 Ne7 49. Qd4 Nf5 50. Rxb6 Qf8 51. Qf6 h5 52. e4 Nd6 53. Qe5 Qd8 54. Rxd6 1-0

[Event "KIrov Arakelian Memorial 7th"]
[Site "Kirov"]
[Date "2017.05.12"]
[Round "1"]
[White "Suleimanov, Konstantin"]
[Black "Tsarukian, Elis"]
[Result "1-0"]
[WhiteElo "1680"]
[BlackElo "2214"]
[PlyCount "85"]
[EventDate "2017.05.12"]
[EventType "swiss"]
[EventRounds "9"]
[EventCountry "RUS"]
[SourceTitle "EXT 2018"]
[Source "ChessBase"]
[SourceDate "2017.10.13"]
[SourceVersion "1"]
[SourceVersionDate "2017.10.13"]
[SourceQuality "1"]

1. d4 Nf6 2. Bg5 d5 3. Bxf6 exf6 4. e3 c6 5. Bd3 Bd6 6. h3 0-0 7. c4 f5 8. cxd5 cxd5 9. Nf3 f4 10. exf4 Re8+ 11. Ne5 g6 12. 0-0 f6 13. Nxg6 hxg6 14. Bxg6 Re7 15. f5 Nd7 16. Nc3 Nb6 17. Qf3 Bb4 18. Rfe1 Bxc3 19. Rxe7 Qxe7 20. Qxc3 Bd7 21. Re1 Qd6 22. Re3 Rc8 23. Qe1 Qc7 24. Rc3 Qd6 25. Rg3 Kf8 26. Qd2 Ke7 27. b3 Qa3 28. Kh2 Rh8 29. Qf4 Kd8 30. Qb8+ Nc8 31. Qxb7 Qd6 32. Bf7 Bc6 33. Qa6 Rh4 34. f4 Rxf4 35. Rg8+ Ke7 36. Qxc8 Rxd4+ 37. Rg3 Kxf7 38. Qg8+ Ke7 39. Qg7+ Kd8 40. Qxa7 Rd3 41. Qa5+ Ke7 42. Qe1+ Kf7 43. Qe6+ 1-0

[Event "Kirov-ch"]
[Site "Kirov"]
[Date "2016.04.09"]
[Round "9"]
[White "Tsarukian, Elis"]
[Black "Bulavin, Alexander"]
[Result "1-0"]
[WhiteElo "2223"]
[BlackElo "2303"]
[PlyCount "169"]
[EventDate "2016.04.01"]
[EventType "swiss"]
[EventRounds "9"]
[EventCountry "RUS"]
[SourceTitle "CBM 172 Extra"]
[Source "ChessBase"]
[SourceDate "2016.06.21"]
[SourceVersion "1"]
[SourceVersionDate "2016.06.21"]
[SourceQuality "1"]

1. e4 c5 2. Nf3 d6 3. Bb5+ Bd7 4. Bxd7+ Qxd7 5. 0-0 Nf6 6. Re1 Nc6 7. d4 cxd4 8. Nxd4 e6 9. c4 Be7 10. Nc3 0-0 11. Bg5 h6 12. Bh4 Rac8 13. b3 a6 14. Nxc6 Qxc6 15. Rc1 Rfd8 16. Qe2 Qe8 17. h3 Rc5 18. Na4 Rc6 19. Rcd1 Rd7 20. Nb2 Rdc7 21. Rd2 Qb8 22. Red1 Rc8 23. Bg3 b5 24. e5 dxe5 25. Bxe5 Qa8 26. Qf3 Rc5 27. Qxa8 Rxa8 28. Bd6 Bxd6 29. Rxd6 Rcc8 30. f3 Kf8 31. Kf2 Ke7 32. Rb6 Ra7 33. Rd2 bxc4 34. bxc4 Nd7 35. Rb4 Ne5 36. Rc2 Rac7 37. f4 Nc6 38. Rb6 Rd8 39. Ke3 a5 40. a3 f5 41. c5 Rd5 42. Nd3 Rd4 43. Rc3 Re4+ 44. Kf2 Rd4 45. g3 Kf6 46. h4 g6 47. Ra6 Rc8 48. Kf3 Rcd8 49. Nf2 Rc8 50. Ke3 Rd5 51. Nd3 Rd4 52. Rb3 Re4+ 53. Kd2 Rd4 54. Rc3 Rd5 55. Rb6 Rd4 56. Kc2 Re4 57. Kb2 Re2+ 58. Kb3 Re3 59. Ne5 a4+ 60. Kc4 Nxe5+ 61. fxe5+ Rxe5 62. Kb4 Re4+ 63. Kb5 Re5 64. Rc6 Rxc6 65. Kxc6 g5 66. hxg5+ hxg5 67. Kb6 Rd5 68. c6 Rd8 69. c7 Rc8 70. Rc4 g4 71. Rxa4 e5 72. Rc4 Kg5 73. Kb7 Rh8 74. c8Q Rxc8 75. Kxc8 f4 76. a4 f3 77. a5 f2 78. Rc1 e4 79. a6 e3 80. a7 e2 81. a8Q f1Q 82. Rc5+ Kh6 83. Qc6+ Kg7 84. Qd7+ Kf6 85. Qd6+ 1-0

[Event "Kirov Region-ch FL"]
[Site "Kirov"]
[Date "2015.10.14"]
[Round "6"]
[White "Kolomiets, Vladimir"]
[Black "Tsarukian, Elis"]
[Result "0-1"]
[WhiteElo "2055"]
[BlackElo "2235"]
[PlyCount "112"]
[EventDate "2015.10.09"]
[EventType "swiss"]
[EventRounds "9"]
[EventCountry "RUS"]
[SourceTitle "EXT 2018"]
[Source "ChessBase"]
[SourceDate "2017.10.13"]
[SourceVersion "1"]
[SourceVersionDate "2017.10.13"]
[SourceQuality "1"]

1. d4 d5 2. Nc3 Nf6 3. Bf4 e6 4. e3 Bd6 5. Bxd6 Qxd6 6. Bd3 a6 7. Nf3 Nbd7 8. 0-0 c5 9. dxc5 Nxc5 10. Re1 e5 11. Be2 Bf5 12. h3 h6 13. Bf1 0-0 14. b4 Nce4 15. Nxe4 Bxe4 16. c4 Bxf3 17. Qxf3 e4 18. Qd1 Qxb4 19. cxd5 Qe7 20. d6 Qe5 21. Qb3 b5 22. a4 bxa4 23. Rxa4 Qxd6 24. Rea1 Rfb8 25. Qa2 Rb6 26. Qe2 Qe5 27. Ra5 Qc3 28. Qc4 Qd2 29. R5a2 Qd7 30. Qa4 Qc7 31. Qa5 Qb7 32. Qe5 Rb1 33. Rxb1 Qxb1 34. Rb2 Qe1 35. Re2 Qc1 36. Qa5 Qc6 37. Rd2 Ra7 38. Rd8+ Kh7 39. Be2 Qe6 40. Bc4 Qe7 41. Rd1 Nd7 42. Qf5+ g6 43. Qa5 Ne5 44. Be2 Qe6 45. Rd5 Nd3 46. Bxd3 exd3 47. Rxd3 Qc6 48. Ra3 Qd6 49. Ra4 Rc7 50. Ra1 Rc5 51. Qa2 Kg8 52. Qa4 a5 53. Qe4 Rd5 54. Qa4 h5 55. g3 Qe5 56. Qc4 Qxa1+ 0-1

[Event "Kirov Region-ch FL"]
[Site "Kirov"]
[Date "2015.10.09"]
[Round "1"]
[White "Dvinskikh, Leonid"]
[Black "Tsarukian, Elis"]
[Result "0-1"]
[WhiteElo "2016"]
[BlackElo "2235"]
[PlyCount "88"]
[EventDate "2015.10.09"]
[EventType "swiss"]
[EventRounds "9"]
[EventCountry "RUS"]
[SourceTitle "EXT 2018"]
[Source "ChessBase"]
[SourceDate "2017.10.13"]
[SourceVersion "1"]
[SourceVersionDate "2017.10.13"]
[SourceQuality "1"]

1. d4 Nf6 2. c4 g6 3. Nc3 Bg7 4. g3 d5 5. Bg2 dxc4 6. Qa4+ Nbd7 7. Nf3 0-0 8. Qxc4 Nb6 9. Qd3 c6 10. 0-0 Re8 11. Rd1 h6 12. h3 Be6 13. Ne5 Nfd7 14. f4 Nxe5 15. dxe5 Qxd3 16. Rxd3 Rad8 17. Be3 Bc4 18. Rdd1 f6 19. b3 Be6 20. Rxd8 Rxd8 21. exf6 Bxf6 22. Rd1 Rxd1+ 23. Nxd1 Bf5 24. Nf2 Bb1 25. a4 Bc2 26. a5 Nc8 27. Be4 Bxb3 28. Bxg6 Bc3 29. a6 bxa6 30. Bd3 a5 31. Ne4 Bb4 32. Nd2 Bd5 33. Bc4 e6 34. Bxd5 exd5 35. Nb1 a4 36. Bc1 Nb6 37. Bb2 Nc4 38. Ba1 a3 39. Nc3 Bc5+ 40. Kg2 Ne3+ 41. Kf3 Nc2 42. Na4 Bd4 43. e4 Nxa1 44. exd5 cxd5 0-1

[Event "Kirov-ch"]
[Site "Kirov"]
[Date "2015.04.07"]
[Round "5"]
[White "Tsarukian, Elis"]
[Black "Seidov, Georgij"]
[Result "1-0"]
[WhiteElo "2190"]
[BlackElo "1980"]
[PlyCount "55"]
[EventDate "2015.04.02"]
[EventType "tourn"]
[EventRounds "11"]
[EventCountry "RUS"]
[SourceTitle "CBM 166 Extra"]
[Source "ChessBase"]
[SourceDate "2015.06.18"]
[SourceVersion "1"]
[SourceVersionDate "2015.06.18"]
[SourceQuality "1"]

1. e4 e5 2. Nf3 Nc6 3. Bb5 Nf6 4. 0-0 d6 5. d4 exd4 6. Nxd4 Bd7 7. Nc3 a6 8. Nxc6 bxc6 9. Bd3 Be7 10. h3 0-0 11. f4 Bc8 12. Be3 Nd7 13. Qf3 Rb8 14. b3 Bf6 15. e5 Be7 16. Rad1 Re8 17. Qxc6 Bb7 18. Qc4 Nb6 19. Bxb6 cxb6 20. Nd5 dxe5 21. Nxe7+ Qxe7 22. fxe5 b5 23. Qf4 Qxe5 24. Qxf7+ Kh8 25. Rf2 Qc5 26. Rdf1 Rf8 27. Qh5 Qxf2+ 28. Rxf2 1-0

[Event "Kirov-ch"]
[Site "Kirov"]
[Date "2015.04.03"]
[Round "2"]
[White "Bulavin, Alexander"]
[Black "Tsarukian, Elis"]
[Result "1-0"]
[WhiteElo "2274"]
[BlackElo "2190"]
[PlyCount "117"]
[EventDate "2015.04.02"]
[EventType "tourn"]
[EventRounds "11"]
[EventCountry "RUS"]
[SourceTitle "CBM 166 Extra"]
[Source "ChessBase"]
[SourceDate "2015.06.18"]
[SourceVersion "1"]
[SourceVersionDate "2015.06.18"]
[SourceQuality "1"]

1. d4 Nf6 2. c4 g6 3. Nc3 Bg7 4. g3 0-0 5. Bg2 c6 6. e4 d6 7. Nge2 Nbd7 8. h3 e5 9. 0-0 Re8 10. d5 cxd5 11. cxd5 a5 12. Be3 b6 13. a3 Ba6 14. b4 Bc4 15. Qd2 b5 16. Rfb1 a4 17. Nc1 Nb6 18. Nd1 Nfd7 19. f3 f5 20. Bf2 Rf8 21. Nb2 Qf6 22. Ncd3 Rac8 23. Rf1 Qd8 24. Rac1 fxe4 25. fxe4 h5 26. Be3 Rxf1+ 27. Bxf1 Nf6 28. Nf2 Nfd7 29. Nxc4 Nxc4 30. Bxc4 bxc4 31. Rc3 Kh7 32. Kg2 Qc7 33. Nd1 Nb6 34. Nb2 Qb7 35. Bxb6 Qxb6 36. Rxc4 Bh6 37. Qf2 Qb7 38. Qc2 Rxc4 39. Nxc4 Qa6 40. Qd3 Bc1 41. Qf1 Bh6 42. Qf7+ Bg7 43. Qc7 h4 44. gxh4 Qb5 45. Qc6 Qb8 46. Qxd6 Qc8 47. Qc5 Qd8 48. Qf2 Bf6 49. h5 Bh4 50. hxg6+ Kh6 51. Qf5 Qc7 52. Ne3 Bg5 53. Ng4+ Kh5 54. Nf6+ Kh6 55. Ng4+ Kh5 56. Nf2 Kh6 57. Qf7 Qxf7 58. gxf7 Be7 59. Nd3 1-0